Statistics for Christopher Lee Movies by Picture

Click here to take the quiz!

General Stats

  • This quiz has been taken 203 times
  • The average score is 8 of 16

Answer Stats

Answer% Correct
Star Wars II: Attack of the Clones
96%
Dracula
92%
The Lord of the Rings: The Fellowship of the Ring
92%
Alice in Wonderland
75%
Gremlins 2: The New Batch
70%
The Hobbit: An Unexpected Journey
66%
The Man with the Golden Gun
60%
The Wicker Man
47%
Charlie and the Chocolate Factory
43%
The Mummy
26%
The Hound of the Baskervilles
25%
She
23%
Corpse Bride
21%
Sleepy Hollow
16%
Hugo
14%
1941
4%

Score Distribution

Percentile by Number Answered

Percent of People with Each Score

Your Score History

You have not taken this quiz